000 00645nam a2200265Ia 4500
005 20260121172226.0
008 008 260114s9999 xx 000 0 eng d
020 _a9783030612368
037 _aEBOOK
040 _aCRL
040 _beng
040 _cCRL
041 _2eng
041 _aeng
084 _qCRL
100 _aDumisani Moyo, Shepherd Mpofu
_91085810
245 0 _aMediating Xenophobia in Africa
260 _bSpringer
260 _bSpringer
260 _c2020
856 _uhttps://link.springer.com/openurl?genre=book&isbn=978-3-030-61236-8
942 _cEBOOK
999 _c1651547
_d1651547